000 00454nam a2200157 4500
001 110290
003 ES-MaACL
005 20230906185023.0
007 t|
008 061121s1934 sp r ||||1| spa d
100 1 _aOcharán Aburto, Luis.
_986470
245 1 0 _aA telón corrido
_b: (artículos y cuentos) /
_cLuis Ocharán Aburto.
260 _aMadrid :
_b[s.n.],
_c1934 (
_fImp. Helénica)
300 _a242 p. ;
_c20 cm.
852 _aES-MaACL
_jA-2738
999 _c110290
_d110290